000 00666nam a22002297a 4500
003 UA-OsUOA
001 20584
007 ta
008 20031101b un ||||| |||| 00| 0 ukr d
090 _a913(479.22)
_bП90
942 _cBK
040 _aUA-OsUOA
_brus
_cUA-OsUOA
_dUA-OsUOA
245 _aПутеводитель по Батумкому Ботаническому саду
_cД.В.Манджавидзе А.А.Дмитриева
300 _a152 с.
_bІлюстрації
955 _a0
041 _arus
080 _a913(479.22)
260 _aБатуми
_bАН Грузинской ССР
_c1959
044 _aRU
650 7 _2UDC
999 _c306764
_d306764